000 00319nam a22001457a 4500
008 210519b ||||| |||| 00| 0 eng d
020 _a9780521398305
041 _aeng
080 _a37
082 _a37
100 _a46
101 _aEDU
245 _aThe Decipherment of Linear B
_cJohn Chadwick
942 _2udc
_cBK
999 _c57471
_d57471